000 00861nam a22002531 4500
001 28375
003 BD-RjUL
005 20211209051256.0
008 140330s1955 at b 001 0 eng d
035 _a(BD-RjUL)28456
035 _a(OCoLC)3094522
040 _aDLC
_cTNJ
_dOCoLC
_dDLC
_dBD-RjUL
_beng
041 _aeng
082 0 0 _a994
_bSEL V-2 1955
245 1 0 _aSelect documents in Australian history /
_cSelected and edited by C. M. H. Clark with the assistance of L. J. Pryor.
_nVolume II :
_p1951-1900.
260 _aSydney :
_bAngus and Robertson,
_c1955.
300 _axviii, 866 p. ;
_c22 cm.
504 _aIncludes bibliographical references and index.
651 0 _aAustralia
_xHistory
_xSources.
_986887
700 1 _aClark, C. M. H.
_d1915-1991,
_q(Charles Manning Hope),
_986888
942 _2ddc
_cBK
999 _c28375
_d28375